00635nam a2200181 a 450000100060000000300080000600500170001400800390003103500200007004000350009004100080012508200310013310000200016424501400018426000840032430000260040865000190043422344BD-RjUL20211209000809.0190312s1933 ii | 00| 0 eng a(BD-RjUL) 22409 aBD-RjULcBD-RjULdBD-RjULbeng aeng a305.56880954bGAM 19332231 aGandhi, Mahatma10aMy soul's agony:bBeing Gandhiji's statements issue from Yeravda Prison on the removal of untouchability among Hindus /cMahatma Gandhi aBombay : aBombay Provincial Board, Servants of Untouchables Society, b[1933?] a[4], 154 p. ; c19 cm aDalits.zIndia